| 000 | 00621cam a22002411 4500 | ||
|---|---|---|---|
| 001 | sa 68005250 | ||
| 003 | DLC | ||
| 005 | 20260227112507.0 | ||
| 008 | 941108s1966 ii b 000 0 gujo | ||
| 010 | _asa 68005250 | ||
| 025 | _aPL480:I-Gu-1052 | ||
| 035 | _a(OCoLC)31426012 | ||
| 040 |
_aDLC _cCU _dCU _dDLC |
||
| 042 | _apremarc | ||
| 050 | 0 | 0 |
_aDS485.G8 _bP28 |
| 100 | 1 | _aPaṇḍyā, Rāmacandra N. | |
| 245 | 1 | 0 | _aGujarātano sāṃskṛtika vāraso. |
| 260 | _c[1966] | ||
| 300 |
_a5, 392 p. _c22 cm. |
||
| 500 | _aIn Gujarati. | ||
| 504 | _aBibliography: [391]-392. | ||
| 650 | 0 |
_aGujarat _xCivilization. |
|
| 999 |
_c80606 _d80606 |
||